Catálogo
 En Linea

Índice de la colección de documentos ineditos de Indias / (Registro nro. 15412)

Detalles MARC
000 -CABECERA
campo de control de longitud fija 00872cam a2200217 a 4500
001 - NÚMERO DE CONTROL
campo de control 000015870
005 - FECHA Y HORA DE LA ÚLTIMA TRANSACCIÓN
campo de control 20200929164201.0
008 - DATOS DE LONGITUD FIJA--INFORMACIÓN GENERAL
campo de control de longitud fija 750808s1947 sp 001 0 spa d
040 ## - FUENTE DE LA CATALOGACIÓN
Centro catalogador/agencia de origen DO-SdBNP
Lengua de catalogación spa
Centro/agencia transcriptor LC
Centro/agencia modificador BNPHU
050 00 - SIGNATURA TOPOGRÁFICA DE LA BIBLIOTECA DEL CONGRESO
Número de clasificación E123
Número de documento/Ítem .C701
082 ## - NÚMERO DE LA CLASIFICACIÓN DECIMAL DEWEY
Número de clasificación nn*
Número de documento/Ítem S296i
049 ## - FONDOS LOCALES (OCLC)
Fondos de biblioteca BNGR
100 1# - ENTRADA PRINCIPAL--NOMBRE DE PERSONA
Nombre de persona Schafer, Ernst,
Fechas asociadas al nombre 1872-1946.
9 (RLIN) 35742
245 10 - MENCIÓN DE TÍTULO
Título Índice de la colección de documentos ineditos de Indias /
Mención de responsabilidad, etc. Ernesto Schäfer ; edición Pacheco, Cárdenas, Torres de Mendoza y otros (1. ser., tomos 1-42) y la Real Academia de la Historia (2. ser., tomos 1-25).
260 ## - PUBLICACIÓN, DISTRIBUCIÓN, ETC.
Lugar de publicación, distribución, etc. Madrid :
Nombre del editor, distribuidor, etc. Consejo Superior de Investigaciones Cientificas, Instituto "Gonzalo Fernández de Oviedo",
Fecha de publicación, distribución, etc. 1947.
300 ## - DESCRIPCIÓN FÍSICA
Extensión v. ;
Dimensiones 25 cm.
700 1# - PUNTO DE ACCESO ADICIONAL--NOMBRE DE PERSONA
Nombre de persona Pacheco,
Término indicativo de función/relación ed.
9 (RLIN) 35743
700 1# - PUNTO DE ACCESO ADICIONAL--NOMBRE DE PERSONA
Nombre de persona Cárdenas,
Término indicativo de función/relación ed.
9 (RLIN) 35744
700 1# - PUNTO DE ACCESO ADICIONAL--NOMBRE DE PERSONA
Nombre de persona Torres de Mendoza,
Término indicativo de función/relación ed.
9 (RLIN) 35745
910 ## - DATOS DE OPCIÓN DEL USUARIO (OCLC)
Datos de opción del usuario Catalogación derivada
Existencias
Estado de retiro Estado de pérdida Restricciones de uso No para préstamo Código de colección Localización permanente Ubicación/localización actual Ubicación en estantería Fecha de adquisición Número de inventario Total de préstamos Signatura topográfica completa Código de barras Fecha visto por última vez Precio válido a partir de Tipo de ítem Koha Nota pública
      Excluido de préstamo Raros y valiosos General General Depósito 19.02.2010 LF1   v. 1 15870-10 25.06.2020 25.06.2020 No se presta Perteneció a la biblioteca personal de Julio Ortega Frier.
      Excluido de préstamo Raros y valiosos General General En catalogación 06.07.2011 LF1   v. 2 15870-20 25.06.2020 25.06.2020 No se presta  
      Excluido de préstamo Raros y valiosos General General En catalogación 06.07.2011 LF1   v. 2, e. 2 15870-30 25.06.2020 25.06.2020 No se presta  

Con tecnología Koha